[Event "HCL-B294"]
[Site "www.playchess.de"]
[Date "2001.04.30"]
[Round "1"]
[White "pawndering40"]
[Black "vijal"]
[WhiteElo "1200"]
[BlackElo "737"]
[PlyCount "123"]
[Result "1-0"]

1.e4 e5 2.Nf3 Nc6 3.Nc3 Bc5 4.Qe2 Nf6 5.d3 h6 
6.Be3 Bxe3 7.fxe3 d6 8.Qd2 Be6 9.Be2 Qd7 10.O-O 
O-O 11.a3 a6 12.h3 Ne7 13.b4 Ng6 14.Rab1 b5 15.d4 
exd4 16.Nxd4 Ne5 17.a4 c5 18.Nxe6 Qxe6 19.axb5 
axb5 20.Nxb5 Nxe4 21.Qe1 Nc4 22.Nc7 Qg6 23.Bxc4 
Rad8 24.Bd3 d5 25.bxc5 Qc6 26.Bxe4 Qxc7 27.Bd3 
Qxc5 28.Kh1 Rde8 29.Rb5 Qd6 30.Rf3 Re5 31.e4 Rfe8 
32.Qb4 Qxb4 33.Rxb4 dxe4 34.Bxe4 R5xe4 35.Rxe4 
Rxe4 36.Rc3 Re1+ 37.Kh2 Rc1 38.Rc7 f6 39.Kg3 Kh7 
40.c4 Kg6 41.c5 h5 42.h4 Rc2 43.c6 Kh6 44.Rc8 Kg6 
45.Kf4 Rxg2 46.Ke4 Rc2 47.Kd5 Kf7 48.Kd6 g5 49.Kd7 
g4 50.c7 g3 51.Rb8 Rd2+ 52.Kc8 g2 53.Rb1 Rc2 
54.Rg1 f5 55.Kb8 f4 56.Rxg2 Rxg2 57.c8Q {%}  Rb2+ 
58.Ka7 Ra2+ 59.Kb6 Rb2+ 60.Ka5 Ra2+ 61.Kb4 Rh2 
62.Qf5+ 1-0

[Event "HCL-C281"]
[Site "www.playchess.de"]
[Date "2001.04.30"]
[Round "18"]
[White "thalis"]
[Black "Jasper_Hattink"]
[WhiteElo "1000"]
[BlackElo "1050"]
[PlyCount "55"]
[Result "1-0"]

1.e4 Nf6 2.e5 Nd5 3.c4 Nb6 4.d4 d5 5.c5 Nc4 6.Bxc4 
dxc4 7.Qa4+ Bd7 8.Qxc4 b5 9.Qb3 c6 10.Nf3 Be6 
11.Qe3 h6 12.b4 a5 13.Qc3 axb4 14.Qxb4 Rxa2 
15.Rxa2 Bxa2 16.O-O f6 17.Nc3 Bc4 18.Re1 Qc8 
19.Nd2 Qe6 20.Nxc4 Qxc4 21.Qxc4 bxc4 22.e6 Kd8 
23.Bf4 Na6 24.Ra1 Kc8 25.Rxa6 g5 26.Rxc6+ Kb7 
27.Rb6+ Kc8 28.Rb8+ 1-0

[Event "HCL-B299"]
[Site "www.playchess.de"]
[Date "2001.04.30"]
[Round "21"]
[White "Phantom"]
[Black "whatsleft2"]
[WhiteElo "1500"]
[BlackElo "1816"]
[PlyCount "34"]
[Result "0-1"]

1.d4 d5 {goodluck}  2.Nf3 {Good luck to you too!}  
e6 3.c4 c5 4.cxd5 exd5 5.g3 Nc6 6.Bg2 Nf6 7.O-O 
Be7 8.Nc3 O-O 9.Bg5 cxd4 10.Nxd4 Qb6 11.Nb3 Be6 
12.Be3 Qd8 13.Rc1 Qd7 14.Nc5 Bxc5 15.Bxc5 Rfc8 
16.Re1 Rcd8 17.Qa4 Bh3 0-1

[Event "HCL-B297"]
[Site "www.playchess.de"]
[Date "2001.04.30"]
[Round "3"]
[White "Ishmaell"]
[Black "pegasus"]
[WhiteElo "1200"]
[BlackElo "1200"]
[PlyCount "50"]
[Result "0-1"]

1.e4 e5 2.Nf3 Nc6 3.d4 f6 4.d5 Nce7 5.Be2 d6 6.O-O 
Bg4 7.h3 Bxf3 8.Bxf3 g6 9.c4 h5 10.Qb3 c6 11.Qxb7 
c5 12.Qb5+ Qd7 13.Qxd7+ Kxd7 14.Nc3 f5 15.g3 fxe4 
16.Nxe4 h4 17.Bg5 hxg3 18.h4 Nf5 19.fxg3 Be7 
20.Bxe7 Ngxe7 21.Nf6+ Kc7 22.Rab1 Nxg3 23.Rf2 Rxh4 
24.Rg2 Nef5 25.Bg4 Rh1+ 0-1

[Event "HCL-E053"]
[Site "www.playchess.de"]
[Date "2001.04.30"]
[Round "18"]
[White "Pupser"]
[Black "Radost"]
[WhiteElo "2161"]
[BlackElo "1990"]
[PlyCount "43"]
[Result "1-0"]

1.e4 e6 2.d4 d5 3.Nc3 Bb4 4.e5 c5 5.a3 Ba5 6.b4 
cxb4 7.Nb5 Nc6 8.axb4 Bxb4+ 9.c3 Be7 10.Bd3 a6 
11.Qg4 Kf8 12.Ba3 Bxa3 13.Rxa3 Nh6 14.Qf4 f6 
15.Nf3 Nf7 16.O-O Bd7 17.Nd6 Nxd6 18.exd6 Kg8 
19.Re1 g5 20.Qg3 Na5 21.Rxa5 Qxa5 
22.Nxg5 1-0

[Event "HCL-B300"]
[Site "www.playchess.de"]
[Date "2001.04.30"]
[Round "4"]
[White "oontahey"]
[Black "jamesaitchy"]
[WhiteElo "1200"]
[BlackElo "1200"]
[PlyCount "51"]
[Result "1-0"]

1.e4 e5 2.f4 d5 3.Nf3 {I knew Scotland wouldn't 
back down from a fight!}  exf4 4.exd5 Qxd5 5.Nc3 
Qe6+ 6.Kf2 Nf6 7.Bb5+ c6 8.Re1 cxb5 9.Rxe6+ Bxe6 
10.Nxb5 {I will be on vacation until next 
monday..I might have access to a computer but I 
might not.}  Nd5 11.c4 Bc5+ 12.d4 Ne3 13.Qa4 O-O 
14.Nc7 Nc6 15.dxc5 Ng4+ 16.Kg1 Rad8 17.Bxf4 Rd3 
18.Nd5 Re8 19.Rd1 Rxd1+ 20.Qxd1 h6 21.h3 Bxd5 
22.cxd5 Nb4 23.hxg4 Rd8 24.d6 Nxa2 25.d7 Nb4 
26.Bc7 1-0

[Event "HCL-B303"]
[Site "www.playchess.de"]
[Date "2001.04.30"]
[Round "2"]
[White "Takavor"]
[Black "Farmer"]
[WhiteElo "1400"]
[BlackElo "1334"]
[PlyCount "58"]
[Result "0-1"]

1.d4 f5 2.Nf3 Nf6 3.c4 g6 4.Nc3 Bg7 5.e3 O-O 6.Be2 
d6 7.O-O Qe8 8.d5 c6 9.Ng5 h6 10.Ne6 Bxe6 11.dxe6 
Qc8 12.Qb3 Na6 13.Qd1 Qxe6 14.Qd2 Nc5 15.b4 Nce4 
16.Nxe4 Nxe4 17.Qc2 Bxa1 18.Bd2 Bg7 19.f3 Nxd2 
20.Qxd2 f4 21.e4 c5 22.bxc5 dxc5 23.g3 Bd4+ 24.Kg2 
Be3 25.Qb2 h5 26.Qxb7 Rab8 27.Qd5 Qxd5 28.cxd5 Rb2 
29.Re1 c4 0-1

[Event "HCL-C294"]
[Site "www.playchess.de"]
[Date "2001.04.30"]
[Round "33"]
[White "olaf"]
[Black "kazan"]
[WhiteElo "1274"]
[BlackElo "1543"]
[PlyCount "43"]
[Result "1-0"]

1.e4 e6 2.c4 c5 3.Nc3 Nc6 4.Nf3 g6 5.d4 cxd4 
6.Nxd4 Bg7 7.Be3 Nge7 8.Be2 a6 9.O-O O-O 10.Qd2 b6 
11.f4 Bb7 12.f5 exf5 13.exf5 gxf5 14.Nxf5 Nxf5 
15.Rxf5 Ne5 16.Bh6 Ng6 17.Bxg7 Kxg7 18.Raf1 Bc6 
19.Qd4+ Kg8 20.Nd5 Bxd5 21.Rxd5 Qe7 
22.Bh5 1-0

[Event "HCL-B308"]
[Site "www.playchess.de"]
[Date "2001.04.30"]
[Round "4"]
[White "hassell"]
[Black "ambidia"]
[WhiteElo "1682"]
[BlackElo "1500"]
[PlyCount "55"]
[Result "1-0"]

1.e4 {Hi and good luck in the game}  c5 {Hi. Good 
luck too.}  2.Nf3 d6 3.d4 cxd4 4.Nxd4 Nf6 5.Nc3 a6 
6.Be2 Nc6 7.Be3 e6 8.f4 Be7 9.a4 O-O 10.O-O Qc7 
11.Qe1 Nxd4 12.Bxd4 e5 13.Be3 Bg4 14.Bxg4 Nxg4 
15.Nd5 Qd8 16.Bb6 Qd7 17.Rd1 Bd8 18.Bxd8 Raxd8 
19.Qg3 Qe6 20.f5 Qh6 21.Qxg4 Rd7 22.f6 Rdd8 23.Rf3 
Kh8 24.Rh3 Qg6 25.Qh4 h6 26.Ne7 Qxf6 27.Qxf6 gxf6 
28.Rxh6+ {28...Kg7 29.Nf5+ Kg8 30.Rd3 Rfe8 31.Rg3+ 
Kf8 32.Rh8#}  1-0

[Event "HCL-B311"]
[Site "www.playchess.de"]
[Date "2001.04.30"]
[Round "2"]
[White "TommyGunner"]
[Black "Iron_Flower"]
[WhiteElo "1200"]
[BlackElo "1108"]
[PlyCount "26"]
[Result "0-1"]

1.e4 {Hello Iron Flower - Good Luck!}  d5 {Thx, 
Tommy, same to you}  2.c4 {cheers}  dxe4 3.c5 e5 
4.Qh5 Nc6 5.Bb5 Nge7 6.Qxe5 Bd7 7.Qxe4 Bf5 8.Qf4 
Qd5 9.Qxc7 Qxg2 10.Qxb7 Qxh1 11.Qxa8+ Kd7 12.Qxa7+ 
Kd8 13.Qb8+ Nxb8 0-1

[Event "HCL-B311"]
[Site "www.playchess.de"]
[Date "2001.04.30"]
[Round "4"]
[White "Iron_Flower"]
[Black "lienk"]
[WhiteElo "1108"]
[BlackElo "1030"]
[PlyCount "45"]
[Result "1-0"]

1.d4 {Hi, from Leeuwarden, the Netherlands}  c5 
{Hi, from Jakarta, Indonesia.}  2.Nf3 cxd4 3.Nxd4 
e5 4.Nf3 Nc6 5.e4 Nf6 6.Bg5 Bc5 7.Bd3 d5 8.exd5 
Qxd5 9.Bxf6 gxf6 10.Nc3 Bb4 11.Qd2 Bxc3 12.Qxc3 e4 
13.Bc4 Qd6 14.Ng5 Ne5 15.Rd1 Qe7 16.O-O fxg5 
17.Rfe1 f5 18.f3 Qc5+ 19.Kh1 Nxc4 20.Qxh8+ Qf8 
21.Rd8+ Kxd8 22.Qxf8+ Kc7 23.Qc5+ 1-0

[Event "HCL-C297"]
[Site "www.playchess.de"]
[Date "2001.04.30"]
[Round "19"]
[White "yesbee"]
[Black "Yurispb"]
[WhiteElo "1000"]
[BlackElo "1510"]
[PlyCount "66"]
[Result "0-1"]

1.e4 c5 2.Nf3 d6 3.Bc4 e6 4.O-O Nf6 5.Re1 a6 6.c3 
b5 7.Bb3 Bb7 8.Bc2 Be7 9.d4 Nbd7 10.Bg5 h6 11.Bh4 
O-O 12.b3 Qc7 13.e5 dxe5 14.dxe5 Nd5 15.Qd3 g6 
16.Nbd2 Bxh4 17.Nxh4 Nxe5 18.Qg3 Nf4 19.Be4 Nh5 
20.Qh3 Bxe4 21.Rxe4 Rad8 22.Qe3 Nf6 23.Rxe5 Ng4 
24.Qf4 Qxe5 25.Qxg4 Rxd2 26.Nxg6 fxg6 27.Qxg6+ Qg7 
28.Qxe6+ Kh8 29.Qe3 Rdxf2 30.Qxf2 Rxf2 31.Kxf2 
Qxc3 32.Re1 Qf6+ 33.Kg1 Qb2 0-1

[Event "HCL-B307"]
[Site "www.playchess.de"]
[Date "2001.04.30"]
[Round "7"]
[White "rafita"]
[Black "vijal"]
[WhiteElo "1391"]
[BlackElo "882"]
[PlyCount "63"]
[Result "1-0"]

1.d4 {hello and good luck!}  d5 2.Nf3 Nc6 3.Bf4 
Nf6 4.e3 g6 5.c4 Bf5 6.Nc3 e6 7.Bd3 Bxd3 8.Qxd3 
Bg7 9.O-O dxc4 10.Qxc4 O-O 11.e4 a6 12.d5 exd5 
13.exd5 Ne7 14.Bxc7 Qc8 15.d6 Nc6 16.Rfe1 Qd7 
17.Na4 Rae8 18.Nb6 Qf5 19.Red1 Re4 20.Qd3 Qf4 
21.g3 Qf5 22.d7 Nd8 23.Bd6 Qa5 24.Bxf8 Bxf8 25.Nd5 
Re6 26.Nxf6+ Rxf6 27.a3 Bg7 28.Rac1 Qb6 29.Rc8 Qa5 
30.Re1 Rxf3 31.Re8+ Bf8 32.Qxf3 1-0

[Event "HCL-B307"]
[Site "www.playchess.de"]
[Date "2001.04.30"]
[Round "21"]
[White "guanzi"]
[Black "PAO_4EVER"]
[WhiteElo "1345"]
[BlackElo "1299"]
[PlyCount "29"]
[Result "1-0"]

1.e4 e5 2.Nf3 Nc6 3.Bc4 h6 4.c3 Nf6 5.O-O Bc5 6.d4 
exd4 7.cxd4 Bb6 8.e5 Ne4 9.d5 Na5 10.Bd3 Nxf2 
11.Rxf2 Bxf2+ 12.Kxf2 O-O 13.b4 Nc6 14.dxc6 bxc6 
15.Be4 1-0

[Event "HCL-E046"]
[Site "www.playchess.de"]
[Date "2001.04.30"]
[Round "17"]
[White "igoran"]
[Black "pep1tere"]
[WhiteElo "2000"]
[BlackElo "2288"]
[PlyCount "50"]
[Result "0-1"]

1.e4 {good luck}  e6 2.d4 d5 3.e5 c5 4.c3 Nc6 
5.Nf3 Qb6 6.a3 cxd4 7.cxd4 Bd7 8.b4 Nge7 9.Nc3 Rc8 
10.Na4 Qc7 11.Bb2 Ng6 12.Bd3 Nf4 13.Rc1 Nxd3+ 
14.Qxd3 Nxb4 15.axb4 Qxc1+ 16.Bxc1 Rxc1+ 17.Kd2 
Rxh1 18.Nc5 Bxc5 19.dxc5 a6 20.Nd4 O-O 21.h3 Ra1 
22.Qc3 Ra2+ 23.Ke3 f6 24.Qb3 Ra1 25.Nf3 
fxe5 0-1

[Event "HCL-B314"]
[Site "www.playchess.de"]
[Date "2001.04.30"]
[Round "17"]
[White "pj287"]
[Black "UVI"]
[WhiteElo "1691"]
[BlackElo "1605"]
[PlyCount "38"]
[Result "0-1"]

1.c4 e6 {Hi!}  2.d4 Nf6 3.Nc3 {Hi from Port 
Jervis, New York. Have a good game}  Bb4 {Have a 
good game. Hello from Siberia, Tomsk}  4.Qc2 d5 
5.a3 Bxc3+ 6.Qxc3 Ne4 7.Qc2 c5 8.dxc5 Nc6 9.cxd5 
exd5 10.Nf3 Bf5 11.b4 O-O {I have to go out for a 
week}  12.Bb2 b6 13.b5 bxc5 14.bxc6 Qa5+ 15.Nd2 
Rab8 16.Bc1 Ng3 17.Qa2 Nxh1 18.Qxd5 Qc3 19.Qa2 
Be6 0-1

[Event "HCL-A148"]
[Site "www.playchess.de"]
[Date "2001.04.30"]
[Round "21"]
[White "janus"]
[Black "Blitzmich"]
[WhiteElo "1922"]
[BlackElo "1841"]
[PlyCount "158"]
[Result "1/2-1/2"]

1.e4 {Willkommen in dieser Gruppe - auf geht´s !!} 
 e5 {So schnell kann's geh'n :))}  2.f4 {Ja - ist 
doch super ! Bin gespannt, welche Verteidigung Du 
wählst !!}  exf4 {...weg mit dem Schuft! (Ich auch 
:)}  3.Nf3 {Du hast einen Bauern mehr - eigentlich 
müßte ich aufgeben *gg* !!}  Be7 {Ach deshalb 
Gambit??*g. Na, los!}  4.Bc4 {Also erneut das 
Cunningham-Gambit - ok !!}  Nf6 {Was besseres ist 
mir auf die Schnelle nicht eingefallen *gg.}  5.d3 
{Dagegen habe ich immer einige Schwierigkeiten - 
das hast Du gewußt, oder ;-)) ?}  O-O {nö *gg. 
Aber wir kennen uns schon eine Weile.}  6.O-O {Und 
haben schon so manchen Fight hinter uns *g* !!}  
d5 {Allerdings...und das sieht auch wieder danach 
aus!}  7.exd5 {Na klar - das macht auch am meisten 
Spaß ;-)) !!}  Nxd5 {Spielen noch mehr Königsgamit 
mit Dir?}  8.Bxd5 {Einige - aber die meisten 
spielen nicht e5 ! Ich mach mal eine Pause - Frau 
kommt nach Hause ;-)) !}  Qxd5 {O.K. dann kann ich 
endlich mal was essen *gg.}  9.Bxf4 {Ein letzter 
Zug für heute - gute Nacht und bis morgen. Gruß 
Rüdiger}  Re8 {Guten Morgen Rüdiger! Ich muß 
leider auch am Feiertag was tun....}  10.Qd2 {Das 
Los eines Selbständigen - hat aber auch Vorteile - 
z.B. kein Chef ;-)) !!}  Be6 {Der bin ich 
selber!!*gg. Aber viel wird's heute nicht.}  
11.Nc3 {Bei mir auch nicht - Dienstag wieder 
"full-time" *gg* !!}  Qa5 {Das klingt gut!! Bis 
dahin. Gruß Ralf}  12.a3 {Und Dir wünsche ich ein 
schönes Osterfest ! Mal sehen, was meine Schalker 
heute machen ?!}  Nd7 {Gewiiiiiinnneeeeeen!}  
13.Rae1 {Genau - und ich trinke jetzt noch einen 
!!!!}  Rad8 {Variante!? - Prost S04!!}  14.Nd4 
{Und diese "Variante" spiele ich hoffentlich noch 
öfter *gg* !!}  Nf8 {O.K. ich stelle mich der 
Herausforderung *g.}  15.Re4 {Das setze ich voraus 
*g* !! Bis morgen !}  Rxd4 {Einen schönen 
Ostermontag!}  16.Rxd4 {Den wünsche ich Dir auch ! 
Du hast wieder die beste Abwicklung gefunden - wie 
immer *g* !!}  Bc5 {Naja, ich hab' nur Deine 
Vorlage genutzt *g.}  17.Be3 {So kann man es 
natürlich auch sehen *g* ! Es "riecht" nach einem 
Remis - aber noch nicht *g* !!}  Bxd4 {Ne, Du 
kannst ja immer noch patzen *g. Logisch mein Zug!} 
 18.Bxd4 {Mein Zug auch - und jetzt *g* ??}  a6 
{Schau 'mer mal! *g. Wie steht es bei Deinen 
anderen Partien?}  19.b4 {Bin recht zufrieden ! 
Nimmst Du mein "Danaer-Geschenk" an *g* ??}  Qh5 
{Ne, Du weißt ja...Damen lieben ihre Freiheit! 
*gg.}  20.Ne4 {Da hast Du Recht *g* - ok, mein 
Angriff beginnt - wehre Dich *g* !!}  Bd5 {...am 
Besten in dem ich auch angreife! *g.}  21.Ng3 {Gut 
so - das gibt immer ein schönes Gemetzel *gg* !!}  
Qg4 {Du willst wohl Blut seh'n? Wenn das der Papst 
hört *gg!}  22.Rf4 {Der ist doch eh schon 
scheintot *g* ! Ich mache jetzt eine längere Pause 
!}  Qe6 {O.K. bis später!}  23.Nf5 {Ein letzter 
Zug vor dem Schlafengehen - bis morgen !!}  Qe2 
{Moi'n Rüdiger! Nicht das Du denkst die ist 
lesbisch *gg.}  24.Qxe2 {Guten Morgen, Ralf ! An 
so etwas würde ich nie denken *gg* - und darum 
haue ich sie weg !!}  Rxe2 {Hmmm..Irgendwie 
logisch der Zug *g.}  25.Kf1 {Als ob ich den Zug 
erahnt hätte *gg* - und nun sind wir mal wieder in 
einem "Puzzle-Endspiel" !!}  Ng6 {Also ich puzzle 
gern, Du nicht? *gg.}  26.Kxe2 {Doch - sehr gern 
sogar *gg* !! Mal sehen, ob dieses Endspiel zu 
gewinnen ist ?!}  Nxf4+ {Ja das möchte ich auch 
gern wissen...wir werden es erleben!}  27.Ke3 
{Genau - jetzt opfere ich einen Bauern - nimmst Du 
mein "Danaer-Geschenk" an *g* ?}  Nxg2+ {Das habe 
ich geahnt! Du zwingst mich dazu! *gg.}  28.Kf2 
{Ok - jetzt hat Dein Springer keine große Auswahl 
- und dann ... *g* ?}  Nf4 {Könntest Du eventuell 
einen Bauern gewinnen...oder?}  29.Be5 {Das liegt 
im Bereich des Möglichen - schließlich habe ich 
derzeit einen zu wenig *g* !!!}  Be6 {Bauer gegen 
Pferd? *g.}  30.Nd4 {Ach nee - zumindest noch 
nicht *g* ! Zunächst befrage ich Deinen Läufer !!} 
 Ng6 {Na gut machen wir fröhliches Läuferfragen! 
*gg.}  31.Bxc7 {Da flüchtet meiner und nimmt noch 
einen Bauern mit *gg* !}  Bd7 {Gott sei Dank bin 
ich den los! *gg.}  32.c4 {Hast Du noch einen, den 
Du loswerden möchtest *g* ??}  f6 {Seit wann 
spielst Du mit 4er Kette? *gg.}  33.Nb3 {Seitdem 
der Libero "blind" geworden ist *gg* !!}  Nf8 {a 
Matthäus a Matthäus...a Matthäus!! *gg}  34.Ke3 
{Der Witz ist gut !!! In unserer Partie kann ich 
keine Dame einstellen *gg* !!!}  Kf7 {Man kommt 
sich näher...Stück für Stück...*g.}  35.d4 {Es ist 
halt eine echte Liebesbeziehung - schwule Könige - 
nicht selten *gg*  !!}  Ba4 {Mal sehen ob Du ein 
scheues Pferd hast...huhu *gg}  36.Na5 {Und ob - 
es läßt sich nicht von jedem fangen *gg* !!}  b5 
{Ich mache mal ne kleine Pause, Abendbrot steht 
auf dem Tisch!!}  37.c5 {Alles klar - guten 
Appetit !! Ich mache heute Abend noch einen Zug. 
Gruß  Rüdiger}  Ke6 {Danke, bis später. Gruß Ralf} 
 38.c6 {Hallo Ralf ! Noch einen Zug zum Abschluß - 
morgen bin ich im Büro in Ffm - leider !!}  Bd1 
{Na dann bis zum Abend...oder wann immer Du 
kannst. Bis dahin, Gruß Ralf}  39.Bg3 {Hallo Ralf 
! Nur schnell ein Zug - der Chef ist gerade nicht 
da ;-)) !!}  Bg4 {Und ich bin dann beim 
Fußball.*g...Bis später. Gruß Ralf}  40.Nb7 {... 
und leider haben die blöden Bayern gewonnen ;-(( 
!!}  Ng6 {Guten Morgen Rüdiger! ManU ist eben 
nicht Schalke *gg.}  41.c7 {Das stimmt - S04 hätte 
ManU leicht geputzt ;-)) !!}  Ne7 {Genau! Ich bin 
für eine Weile unterwegs...bis heute Abend, Gruß 
Ralf}  42.Nc5+ {Alles klar - bis später ! Gruß 
Rüdiger}  Kd5 {Bin wieder da, war Indisch 
essen....lecker!}  43.Nxa6 {Guten Morgen, Ralf ! 
Du bist zu beneiden *g* - ich habe derzeit einige 
Magenprobleme - Streß !!}  Nf5+ {Hallo Rüdiger, 
ich muß leider schon wieder weg...bis Mittag! Gruß 
Ralf}  44.Kd3 {Hallo Ralf ! Das macht nichts - nur 
keine Hektik *g* !! Gruß Rüdiger}  Nxg3 {Wieder 
hinein ins fröhliche Hauen und Stechen...*g.}  
45.hxg3 {So ist es - und für diesen Zug habe ich 
keine andere Wahl *gg* !!}  Kd6 {Da fällt mir die 
Wahl viel schwerer. Langsam wird es spannend *g.}  
46.Nc5 {Aber wahrscheinlich wird die Partie remis 
- kann nicht oft ziehen - viel Arbeit !!}  Kxc7 
{Ja das geht mir heute auch so, kein Problem!}  
47.Ke3 {Jetzt ist die Partie "totremis" und daher 
biete ich Dir das Unentschieden an - hat viel Spaß 
gemacht}  Kc6 {Meinst Du? Na wir werden ja sehen 
*gg.}  48.Ke4 {Du lehnst das Remis also ab - ok, 
dann wir´s noch ein Kampf *gg* !!}  h5 {Dieses 
Ding mal auszuspielen finde ich ganz reizvoll. 
egal was passiert *g.}  49.d5+ {Ist wirklich 
interessant - das stimmt !! S04 hat´s gepackt - 
wieder ein Sieg - super !!}  Kc7 {Ja Spitze, die 
zweite Halbzeit war eine Augenweite und super 
Tore! Meisterhaft!!!}  50.a4 {Jetzt noch 12 Punkte 
und es ist vollbracht ;-)) !! In unserer Partie 
muß ich auf Abtausch spielen !}  bxa4 {O.K. Du 
läßt mir ja keine Wahl! *g. So spannend war die 
Meisterschaft schon lange nicht meht!}  51.Nxa4 
{Das stimmt - und hoffentlich haben meine 
"Königsblauen" am Ende die Nase vorn !!!}  g5 
{Nach dem Spiel der roten Teufel sind es nur noch 
3!!}  52.b5 {Die haben seit Wochen in der Abwehr 
den "Tag der offenen Tür *gg* !!}  h4 {Nun bin ich 
dran mit Abtausch! Gute Nacht!}  53.gxh4 {Sorry 
Ralf - bin total im Streß, daher nur ein Zug heute 
und morgen !!}  gxh4 {Du kannst Dir noch 50 Tage 
Zeit lassen *gg! Ne, ist schon O.K. es kommen auch 
wieder bessere Zeiten!}  54.Kf4 {Hoffentlich *gg* 
- morgen bin ich im Home-Office - dann können wir 
"zocken" !!}  Bc8 {Ich bin leider morgen Vormittag 
nicht anwesend...ich melde mich wenn ich wieder da 
bin!!}  55.b6+ {Ok - ich freue mich, wenn Du 
wieder da bist !!}  Kd6 {Hallo Rüdiger, jetzt ist 
es endlich soweit!! (Scheiß Tag *gg)}  56.b7 {Auch 
für mich - habe leider wieder eine Partie verloren 
- aber er war einfach besser !!}  Bxb7 {Its Life! 
Wer war es denn?}  57.Kg4 {Ein Spieler namens 
"nextalby" - ich denke, daß ich gegen bogdan 
gewinnchancen habe ?!}  Bxd5 {Kenne ich (noch) 
nicht. Gegen Bogdan stehe ich besser, könnte aber 
auch remis werden!}  58.Kxh4 {Machen wir ihn 
gemeinsam fertig *g* - spielst Du hier noch auf 
Gewinn *gg* ??}  Ke5 {Na ich hab doch Deine 
Lieblingsfigur *ggg.}  59.Nc5 {Du meinst bestimmt 
den Mehrbauern, oder *gg* ?}  Kf4 {Genau, der muß 
nur durch kommen....*g. Aber...}  60.Nd3+ {... ich 
will versuchen, es zu verhindern *ggg* !!!}  Ke3 
{Da bin ich eben sehr gespannt, ob das möglich 
ist...abwarten und Tee trinken.*g.}  61.Nc5 {Ich 
auch - allerdings brauche ich für dieses Endspiel 
etwas Stärkeres als Tee *gg* !!}  Ba2 {Jagertee 
vielleicht? *gg.}  62.Kg4 {Genau - und mit einem 
kleinen Schuß Cognac - schmeckt besser *gg* !!}  
Bb1 {...oder eine große Tasse Rum mit etwas 
Tee?*gg.}  63.Nd7 {Genau - auf Soldatenart: 1 
Flasche Rum heißmachen und 1 Teebeutel rein ;-)) 
!!}  f5+ {Hoffentlich wird das nicht zu dünn, ein 
Beutel erscheint mir etwas viel !*gg.}  64.Kg3 
{Man kann auch 2 Flaschen Rum nehmen *gg* !! Wie 
steht Deine Partie gegen Bogdan inzwischen ??}  
f4+ {Ich habe den Vorteil noch...es könnte sich in 
den nächsten 2-3 Zügen entscheiden!}  65.Kh2 {Der 
Meinung bin ich auch - ein wirklich spannendes 
Endspiel - ideal zum Üben !!}  Be4 {Dortmund hat 
gepatzt....Ich war schon immer für Freiburg *gg.}  
66.Nf6 {Jetzt muß Schalke morgen "nur" noch 
gewinnen und Bayern einen Punkt lassen *gg* !!}  
Bb7 {Genau...und das werden sie auch!!!!}  67.Ng4+ 
{Schade - hat nicht geklappt für die Freiburger - 
S04 im "Zugzwang" *gg* !!}  Ke2 {Ja leider, aber 
die machen das schon heute Abend....mit Mpenza, 
mit Sand und mit Links! *gg.}  68.Ne5 {Dein Wort 
im S04-Gehörgang *gg* - gleich kommt "ran" !!}  
Bc8 {Na dann viel Spaß dabei, ich habe schon alles 
gesehen!}  69.Ng6 {Einen Zug habe ich noch - und 
das war es dann für heute ! Bis morgen und Gruß 
!!}  f3 {O.K. Schönen Abend...bis morgen! Gruß 
Ralf}  70.Nf4+ {Doch noch ein Zug und dann ist 
wirklich Schluß !! Gruß Rüdiger}  Kf2 {Hallo 
Rüdiger! Ich habe gestern mitgelitten....Bochum 
ist Doof weil sie eh absteigen! Gruß Ralf}  71.Ng2 
{Hallo Ralf ! Ja und dabei hatte S04 doch sooo 
viele Chancen ;-(( !! Gruß Rüdiger}  Kf1 {Manchmal 
klappt es (patt), war das ne Falle?}  72.Nf4 
{Guten Morgen ! Ja - diese kleine Falle habe ich 
bewußt gestellt, aber Du hast sie natürlich 
gesehen}  Bf5 {Schlingel wußt ich's doch *gg. Es 
wird trotzdem Remis, wenn Du keinen Fehler 
machst.}  73.Kg3 {War ein kleiner Ulk - ich hoffe, 
daß ich keinen Fehler mehr mache *gg* !!}  Be4 
{Glaube ich bei Dir auch nicht...sind ja keine 
Damen mehr auf dem Brett *gg.}  74.Nd3 {haha - der 
war gut *gg* !! Mal sehen, wie lange Du mich noch 
"quälst" *ggg* !!}  Ke2 {Das liegt einzig und 
allein bei Dir! *g. Morgen spielt Real!!}  75.Nf4+ 
{Ok - aber ich gebe nicht auf *gg* !! Real muß 
gewinnen !!}  Ke3 {Real wird gewinnen ...5:1 *gg 
(Ein Eigentor) haha.}  76.Nh3 {Eine richtige 
"Packung" wird den Bayern gut tun *gg* !!}  Bc6 
{Oder es ist besser wenn sie erst zu Hause 
rausfliegen!?*g.}  77.Nf2 {Genau - und dann müssen 
sie noch die Meisterschaft vergeigen *gg* !!}  Bb7 
{Das kann nur Schalke selbst ! Aber die Bayern 
helfen mit *gg.}  78.Nd1+ {Das will ich doch 
hoffen *gg* ! Immer noch kein Remis *gg* ??}  Ke2 
{Nein, ich kann immer nur einen Zug im Voraus 
denken *ggg.}  79.Nf2 {Ok - dann also wieder 
zurück mit dem Mustang *gg* !!}  Ba8 {Ich wünsche 
Dir einen schönen Feiertag morgen!} 
 1/2-1/2